| 000 | 01264nam0a22002891 4500 | ||
|---|---|---|---|
| 001 | rc\4314264 | ||
| 005 | 20260408083251.0 | ||
| 021 |
_aRU _b67-67031 |
||
| 021 |
_aRU _bРг9139-67 |
||
| 035 | _a(NLR Aleph) 008261947 | ||
| 090 |
_a8402620 _c8402620 |
||
| 100 | _a20130416d1967 |||y0rusy50 ca | ||
| 101 | 0 | _arus | |
| 102 | _aRU | ||
| 105 | _ay c ||||| | ||
| 200 | 1 |
_aМетодические указания по химии _eДля преподавателей сред. спец. учеб. заведений Мосгорисполкома _fИсполком Моск. гор. Совета депутатов трудящихся. Упр. кадров и учеб. заведений. Учеб.-метод. кабинет |
|
| 210 |
_aМосква _cБ. и. _d1967 |
||
| 215 |
_a122 с. _d22 |
||
| 300 | _aОтпеч. множит. аппаратом | ||
| 300 | _aНа обл. сост. не указан | ||
| 700 | 1 |
_aВайнерман _bХ.А. _4220 |
|
| 712 | 0 | 2 |
_aМосковский городской Совет депутатов трудящихся _bИсполнительный комитет _3RU\NLR\AUTH\8810166140 _9828261 |
| 801 | 0 |
_aRU _bNLR _gpsbo |
|
| 801 | 1 |
_aRU _bELAR _2rusmarc |
|
| 852 |
_aNLR _j67-5/4222 |
||
| 942 | _cBOOK | ||
| 980 | _aNB | ||